00644nam a2200193 a 45000010005000000030009000050050017000140080041000310200015000720400028000870820020001152450105001352500012002402600039002523000049002915040051003406500039003917000020004301637BD-DhUAP20201227122847.0201227s1996 nyua b 001 0 eng d a0070504946 aDLCcDLCdBD-DhUAPbeng00a658.408 BUS223 aBusiness and society : bcorporate strategy, public policy and ethics /cJames E. Post ... [et al.]. a8th ed. aNew York : bMcGraw-Hill, cc1996. axxviii, 708 pages :billustrations ;c25 cm. aIncludes bibliographical references and index. aSocial responsibility of business. aPost, James E.